LEADER 01006nam a2200253 i 4500 001 000000222993 003 CaOOAMICUS 005 20131002000000.0 008 131002s2013 fr u000 u mul u 013 $a201890 020 $a978-2-204-10163-9 040 $aSeMil$bita 245 10$aLivres 2., 17-3. 260 $aParis :$bLes Éditions du Cerf,$c2013. 300 $a421 p. ;$c20 cm. 490 0 $aSources Chrétiennes ;$v550 773 0 $aJonas $tInstruction des laïcs.$dParis : Les Éditions du Cerf, 2012-2013.$g2$w()27943 830 0$aSources chrétiennes ;$v550.$0(OLS)http://semarc/title/72 850 $aSeMil 852 $aSeMil$W1$xVenegono$y1$mSL1.U II 550$j173339$B173339$CSeMilBibl$Z2$F183714 $8I 961 $aSottoscrizione: SODIS 996 $6020$a978-2-204-10163-9$9(OLS)http://semarc/number/222736 996 $6245$aLivres 2., 17-3$9(OLS)http://semarc/title/319829 996 $6260$aParis :$bLes Éditions du Cerf$9(OLS)http://semarc/publisher/29611 LEADER 01151nam a2200217 i 4500 001 000000032032 003 CaOOAMICUS 005 20180830125449.0 008 180830s1970 fr u000 u und u 040 $aSeMil$bita 245 14$aLes Eglises comme institutions politiques =$bChurches as Political Institutions /$cBelge de Science Politique Institut ; Léo Moulin, éditeur. 246 01$aChurches as Political Institutions 300 $a2 v. (iv, 534 p.) ;$c28 cm. 500 $aAi pie' del front : Association Internationale de Science Politique = International Political Science Association : Rapports du 8. Congrès Mondial, Munich, 31 août - 5 septembre 1970. 650 4$aChiesa - Istituzione.$0(OLS)http://semarc/subject/5148 700 1 $aMoulin, Léo <1906-1996>.$0(OLS)http://semarc/name/14776 700 1 $aInstitut Belge de Science Politique.$0(OLS)http://semarc/name/14775 774 0 $t[1].$w()242674 774 0 $t[2].$w()242675 996 $6245$aLes Eglises comme institutions politiques =$bChurches as Political Institutions$9(OLS)http://semarc/title/43457 996 $6246$aChurches as Political Institutions$9(OLS)http://semarc/title/43458